Medicina del siglo XXI : (Record no. 121065)

MARC details
000 -CABECERA
campo de control de longitud fija 01159ngm a2200217 a 4500
005 - FECHA Y HORA DE LA ÚLTIMA TRANSACCIÓN
campo de control 20210223130131.0
008 - ELEMENTOS DE LONGITUD FIJA--INFORMACIÓN GENERAL
campo de control de longitud fija 070129s2004 mx 052 a aaspa d
035 ## - NÚMERO DE CONTROL DEL SISTEMA
Número de control de sistema UPN01000148924
049 ## - COLECCIÓN
Colección AV
050 #4 - SIGNATURA TOPOGRÁFICA DE LA BIBLIOTECA DEL CONGRESO
Número de clasificación DVD RD 52
245 00 - MENCIÓN DE TÍTULO
Título Medicina del siglo XXI :
Resto del título el cuerpo ideal : ¿por qué queremos cambiar de apariencia?.
260 ## - PUBLICACIÓN, DISTRIBUCIÓN, ETC.
Lugar de publicación, distribución, etc. [E.U.A.]:
Nombre del editor, distribuidor, etc. Discovery Channel :
-- USA video,
Fecha de publicación, distribución, etc. c2004.
300 ## - DESCRIPCIÓN FÍSICA
Extensión 1 DVD (52 min.) :
Otras características físicas son., col. ;
Dimensiones 4 3/4 plg.
440 #0 - MENCIÓN DE SERIE/ASIENTO SECUNDARIO--TÍTULO
Título Discovery Health : vida, medicina, milagros
500 ## - NOTA GENERAL
Nota general Multiregión, hablado en español
520 ## - NOTA DE RESUMEN, ETC.
Sumario, etc. Hasta hace poco sólo los ricos y famosos ingresaban secretamente en diversas clínicas alrededor del mundo para someterse a intervenciones quirúrgicas con la intención de perfeccionar sus cuerpos. Actualmente, la obsesión con la apariencia física que existe entre personas de todos los géneros, edades y clases sociales, ha provocado un auge sin precendentes en la cirugía cosmética
650 #4 - ASIENTO SECUNDARIO DE MATERIA - TERMINO TEMATICO
Término de materia o nombre geográfico como elemento de entrada CIRUGIA PLASTICA
9 (RLIN) 5920
650 #4 - ASIENTO SECUNDARIO DE MATERIA - TERMINO TEMATICO
Término de materia o nombre geográfico como elemento de entrada DOCUMENTALES POR TELEVISION
9 (RLIN) 5921
740 3# - ASIENTO SECUNDARIO - TÍTULOS RELACIONADOS /ANALITICOS NO CONTROLADOS
Título relacionado o analítico no controlado El cuerpo ideal : ¿por qué queremos cambiar de apariencia?
905 ## - TIPO DE MATERIAL
Tipo de material Audiovisuales
Holdings
Estado de retiro Estado de pérdida Fuente del sistema de clasificación o colocación Estado dañado No para préstamo Código de colección Localización permanente Ubicación/localización actual Ubicación en estantería Total de préstamos Clasificación Código de barras Fecha visto por última vez Número de copia Tipo de ítem Koha
    Library of Congress Classification     Audiovisuales Bib. Gregorio Torres Quintero Bib. Gregorio Torres Quintero Audiovisual   DVD RD 52 244538 31/12/2020 1 Formato Digital